[Event "IX Mario Covas"]
[Site "?"]
[Date "2010.08.19"]
[Round "9.2"]
[White "Fier, Alexandr"]
[Black "Milos, Gilberto"]
[Result "1/2-1/2"]
[WhiteElo "2570"]
[BlackElo "2606"]
[PlyCount "21"]
[EventDate "2010.08.13"]
[SourceDate "2010.08.19"]

1. e4 e5 2. Nf3 Nc6 3. Bb5 Nf6 4. O-O Nxe4 5. d4 Nd6 6. Bxc6 dxc6 7. dxe5 Nf5
8. Qxd8+ Kxd8 9. h3 h6 10. Nc3 Be6 11. Bf4 1/2-1/2

[Event "IX Mario Covas"]
[Site "?"]
[Date "2010.08.19"]
[Round "9.3"]
[White "Bachmann, Axel"]
[Black "Leitão, Rafael"]
[Result "1/2-1/2"]
[WhiteElo "2552"]
[BlackElo "2629"]
[PlyCount "20"]
[EventDate "2010.08.13"]
[SourceDate "2010.08.19"]

1. e4 e5 2. Nf3 Nc6 3. Bb5 Nf6 4. O-O Nxe4 5. Re1 Nd6 6. Nxe5 Nxe5 7. Rxe5+ Be7
8. Bf1 O-O 9. d4 Bf6 10. Re1 Nf5 1/2-1/2

[Event "IX Mario Covas"]
[Site "?"]
[Date "2010.08.19"]
[Round "9.4"]
[White "Rodriguez, Andres"]
[Black "El Debs, Felipe"]
[Result "1/2-1/2"]
[WhiteElo "2508"]
[BlackElo "2499"]
[PlyCount "26"]
[EventDate "2010.08.13"]
[SourceDate "2010.08.19"]

1. d4 d5 2. Nf3 e6 3. c4 Nf6 4. cxd5 exd5 5. Nc3 Be7 6. Bg5 c6 7. e3 Nbd7 8.
Bd3 O-O 9. O-O Re8 10. Bxf6 Bxf6 11. b4 a6 12. Qc2 Nf8 13. a4 Bg4 1/2-1/2

[Event "IX Mario Covas"]
[Site "?"]
[Date "2010.08.18"]
[Round "7.3"]
[White "Rodriguez, Andres"]
[Black "Bachmann, Axel"]
[Result "1-0"]
[WhiteElo "2508"]
[BlackElo "2552"]
[PlyCount "85"]
[EventDate "2010.08.13"]
[SourceDate "2010.08.18"]

1. e4 d6 2. d4 Nf6 3. f3 g6 4. Be3 Bg7 5. c4 O-O 6. Bd3 c5 7. d5 e6 8. Qd2 b5
9. dxe6 Bxe6 10. cxb5 Nbd7 11. Nc3 d5 12. exd5 Nxd5 13. Nxd5 Bxd5 14. Ne2 Ne5
15. O-O Bxf3 16. Rxf3 Qxd3 17. Qxd3 Nxd3 18. Rd1 Nxb2 19. Rd7 Na4 20. Rc7 Be5
21. Re7 f6 22. Rh3 Nb6 23. Bxc5 Rfd8 24. Bd4 Nd5 25. Rb7 Nf4 26. Bxe5 Nxe2+ 27.
Kf1 fxe5 28. Kxe2 Rac8 29. Ra3 Rc2+ 30. Ke3 Rcd2 31. Raxa7 R8d3+ 32. Ke4 Rd4+
33. Kxe5 Rd5+ 34. Kf6 Rd6+ 35. Kg5 Rxg2+ 36. Kh6 g5+ 37. Kh5 Rxh2+ 38. Kxg5 Rd8
39. a4 Rg2+ 40. Kf4 Rf8+ 41. Ke3 Rg3+ 42. Kd4 Rg5 43. b6 1-0

[Event "IX Mario Covas"]
[Site "?"]
[Date "2010.08.18"]
[Round "7.5"]
[White "Milos, Gilberto"]
[Black "Di Berardino, Diego"]
[Result "1-0"]
[WhiteElo "2606"]
[BlackElo "2492"]
[PlyCount "69"]
[EventDate "2010.08.13"]
[SourceDate "2010.08.18"]

1. e4 c5 2. Nf3 d6 3. Nc3 e6 4. d4 cxd4 5. Nxd4 Nc6 6. Be3 a6 7. Qd2 Nf6 8. f3
Be7 9. O-O-O O-O 10. g4 Nd7 11. h4 Nde5 12. Qg2 Nxd4 13. Bxd4 Nc6 14. Be3 b5
15. Kb1 b4 16. Na4 Rb8 17. g5 Bd7 18. b3 Qc7 19. h5 Na7 20. g6 Bf6 21. gxh7+
Kh8 22. Bg5 Bxg5 23. Qxg5 f6 24. Qd2 d5 25. exd5 Nb5 26. d6 Na3+ 27. Kc1 Qa5
28. h6 g5 29. Qd4 Rbd8 30. Nb2 Nb5 31. Bxb5 axb5 32. Nd3 Qxa2 33. Ne5 Be8 34.
d7 Qa3+ 35. Kb1 1-0

[Event "IX Mario Covas"]
[Site "?"]
[Date "2010.08.17"]
[Round "7.1"]
[White "Milos, Gilberto"]
[Black "Coelho, Luis Henrique"]
[Result "0-1"]
[WhiteElo "2606"]
[BlackElo "2381"]
[PlyCount "122"]
[EventDate "2010.08.13"]
[SourceDate "2010.08.17"]

1. e4 c5 2. Nf3 Nc6 3. d4 cxd4 4. Nxd4 Nf6 5. Nc3 d6 6. Bg5 e6 7. Qd2 Be7 8.
O-O-O Nxd4 9. Qxd4 O-O 10. f3 a6 11. h4 b5 12. Kb1 Bb7 13. Qd2 Rc8 14. Bd3 Nd7
15. Qf2 Rxc3 16. bxc3 Nc5 17. e5 Bd5 18. Bxe7 Qxe7 19. exd6 Qxd6 20. Qd4 Na4
21. Kc1 Rc8 22. Kd2 Nxc3 23. Rde1 Nxa2 24. h5 h6 25. Rh4 f5 26. g4 Qb4+ 27.
Qxb4 Nxb4 28. gxf5 Nxd3 29. cxd3 exf5 30. Rf4 Rc6 31. Re7 Rf6 32. Re5 Be6 33.
d4 Kf7 34. Rc5 g5 35. hxg6+ Kxg6 36. d5 Bd7 37. Kc3 a5 38. Rc7 Be8 39. Ra7 Rd6
40. Kd4 Kg5 41. Ke3 Rxd5 42. Rg7+ Kf6 43. Ra7 Kg5 44. Rg7+ Bg6 45. Rd4 Rxd4 46.
Kxd4 f4 47. Rb7 b4 48. Ke5 h5 49. Rb5 Bc2 50. Kd4+ Kh4 51. Rxa5 b3 52. Kc3 Kg3
53. Rxh5 Kxf3 54. Kd2 Kg3 55. Rg5+ Kf2 56. Rg7 f3 57. Rg8 Kf1 58. Rg7 f2 59.
Rg8 Bh7 60. Rg7 Bf5 61. Kc3 Ke1 0-1

[Event "IX Mario Covas"]
[Site "?"]
[Date "2010.08.17"]
[Round "7.2"]
[White "Di Berardino, Diego"]
[Black "Leitão, Rafael"]
[Result "1/2-1/2"]
[WhiteElo "2629"]
[BlackElo "2492"]
[PlyCount "144"]
[EventDate "2010.08.13"]
[SourceDate "2010.08.17"]

1. d4 Nf6 2. c4 e6 3. Nc3 Bb4 4. e3 O-O 5. Bd3 d5 6. Nf3 c5 7. O-O Nc6 8. a3
Bxc3 9. bxc3 Qc7 10. cxd5 exd5 11. h3 Qa5 12. Bd2 c4 13. Bc2 Ne4 14. Be1 Re8
15. Kh1 Qc7 16. Ng1 Bf5 17. Ne2 Nd6 18. Nf4 Ne7 19. f3 Qc6 20. Bf2 Ng6 21. Nh5
Re7 22. Bg1 Rae8 23. Ng3 Bxc2 24. Qxc2 Qd7 25. Rae1 Nf4 26. Rb1 Nd3 27. Qa2 Qe6
28. e4 Qg6 29. Bh2 dxe4 30. fxe4 Nxe4 31. Nxe4 Rxe4 32. Qxc4 Re2 33. Bg3 h6 34.
Kh2 R8e3 35. Qc7 b6 36. Rb5 Rc2 37. Rd5 Ree2 38. Rg1 Rxg2+ 39. Rxg2 Rxg2+ 40.
Kxg2 Qe4+ 41. Kh2 Qxd5 42. Qxa7 f5 43. Qxb6 Qf3 44. Qe6+ Kh7 45. a4 Nc1 46. Qe1
Ne2 47. Qf2 Qe4 48. Be5 Nxc3 49. a5 Nd5 50. a6 Nb6 51. Qg2 Qxg2+ 52. Kxg2 Kg6
53. a7 Kf7 54. d5 g5 55. Bd4 Na8 56. Kf3 h5 57. Kg3 h4+ 58. Kf2 Ke7 59. Be5 Nb6
60. Bc7 Na8 61. Be5 Nb6 62. Bc7 Na8 63. Bb8 Nb6 64. Bh2 Na8 65. Ke2 g4 66. Bf4
Kd7 67. Be5 Nb6 68. Bd4 Na8 69. Bc5 gxh3 70. Kf1 f4 71. Kg1 f3 72. Kh2 f2
1/2-1/2

[Event "IX Mario Covas"]
[Site "?"]
[Date "2010.08.17"]
[Round "7.3"]
[White "Fier, Alexandr"]
[Black "Rodriguez, Andres"]
[Result "1-0"]
[WhiteElo "2570"]
[BlackElo "2508"]
[PlyCount "123"]
[EventDate "2010.08.13"]
[SourceDate "2010.08.17"]

1. d4 Nf6 2. c4 e6 3. Nf3 Bb4+ 4. Bd2 Qe7 5. g3 Nc6 6. Nc3 Bxc3 7. Bxc3 Ne4 8.
Rc1 d6 9. Bg2 Nxc3 10. Rxc3 e5 11. d5 Nb8 12. c5 O-O 13. cxd6 cxd6 14. O-O Na6
15. Nd2 Bd7 16. Qb3 Nc5 17. Qa3 Bb5 18. b4 Na4 19. Rc2 Qd7 20. Rfc1 Rfc8 21.
Ne4 Rxc2 22. Rxc2 Nb6 23. Qc1 h6 24. f4 exf4 25. Qxf4 Rd8 26. Nc3 Rc8 27. Be4
Rc4 28. a3 a6 29. Qe3 Qc7 30. Nxb5 axb5 31. Bd3 Qd8 32. Bxc4 Nxc4 33. Qd3 g6
34. Rxc4 bxc4 35. Qxc4 Qd7 36. Qf4 h5 37. h4 b5 38. Kf2 Qa7+ 39. Qe3 Qd7 40.
Ke1 Qc8 41. Qd3 Qe8 42. Kd2 Qe5 43. Kc2 Qe8 44. Kb3 Qd7 45. e4 Kf8 46. a4 bxa4+
47. Ka3 Ke7 48. Qa6 Qg4 49. Qb7+ Kf6 50. Kxa4 Qxg3 51. Qc6 Ke5 52. b5 Qd3 53.
b6 Qxe4+ 54. Ka5 Qe1+ 55. Ka6 Qa1+ 56. Kb7 f5 57. Kc7 Qa5 58. Kd7 f4 59. b7 Qb4
60. Kc8 f3 61. b8=Q Qa3 62. Kd7 1-0

[Event "IX Mario Covas"]
[Site "?"]
[Date "2010.08.17"]
[Round "6.1"]
[White "Coelho, Luis Henrique"]
[Black "El Debs, Felipe"]
[Result "1-0"]
[WhiteElo "2381"]
[BlackElo "2499"]
[PlyCount "79"]
[EventDate "2010.08.13"]
[SourceDate "2010.08.17"]

1. d4 Nf6 2. c4 g6 3. g3 c6 4. Bg2 d5 5. Nf3 Bg7 6. b3 O-O 7. O-O a5 8. Bb2 Bf5
9. Nc3 Ne4 10. e3 Nxc3 11. Bxc3 Be4 12. Qe2 a4 13. Bh3 Qb6 14. Nd2 Bf5 15. Bg2
Rc8 16. g4 Be6 17. Rfb1 axb3 18. Nxb3 dxc4 19. Na5 Qa6 20. Rxb7 Ra7 21. Rb2 Nd7
22. Rab1 Rcc7 23. Qf3 Bd5 24. e4 Be6 25. e5 Bd5 26. Qe3 e6 27. f4 Qc8 28. f5
exf5 29. gxf5 gxf5 30. Qg3 Nf8 31. Kh1 Qe6 32. Rb8 f4 33. Qxf4 Bxg2+ 34. Kxg2
Rxa5 35. Bxa5 Qd5+ 36. Kh3 Qxa5 37. Rxf8+ Kxf8 38. Rb8+ Ke7 39. Qg5+ Ke6 40.
Re8+ 1-0

[Event "IX Mario Covas"]
[Site "?"]
[Date "2010.08.17"]
[Round "6.4"]
[White "Rodriguez, Andres"]
[Black "Di Berardino, Diego"]
[Result "1-0"]
[WhiteElo "2508"]
[BlackElo "2492"]
[PlyCount "85"]
[EventDate "2010.08.13"]
[SourceDate "2010.08.17"]

1. d4 d5 2. c4 e6 3. Nc3 Nf6 4. cxd5 exd5 5. Bg5 Be7 6. e3 c6 7. Bd3 Nbd7 8.
Qc2 Nh5 9. Bxe7 Qxe7 10. Nge2 g6 11. f3 Nb6 12. O-O-O Be6 13. g4 Nf6 14. Rhe1
O-O-O 15. f4 Kb8 16. Ng3 Qc7 17. Kb1 Bc8 18. Qf2 Ka8 19. Rc1 Qb8 20. Ka1 Ne8
21. h3 Nd6 22. a4 a5 23. Qd2 Qa7 24. Nd1 Nd7 25. b4 axb4 26. Qxb4 Nb8 27. Re2
Na6 28. Bxa6 Qxa6 29. Rc5 Kb8 30. Nb2 Kc7 31. Rec2 Be6 32. R2c3 Ra8 33. e4 dxe4
34. d5 Bd7 35. dxc6 Bxc6 36. Nxe4 Qf1+ 37. Ka2 Qxf4 38. Nc4 Nxc4 39. Rxc6+ bxc6
40. Qe7+ Kc8 41. Rxc4 Qh2+ 42. Ka3 Qxh3+ 43. Rc3 1-0

[Event "IX Mario Covas"]
[Site "?"]
[Date "2010.08.16"]
[Round "5.1"]
[White "Leitão, Rafael"]
[Black "Coelho, Luis Henrique"]
[Result "1/2-1/2"]
[WhiteElo "2629"]
[BlackElo "2381"]
[PlyCount "92"]
[EventDate "2010.08.13"]
[SourceDate "2010.08.16"]

1. d4 d5 2. c4 c6 3. Nf3 Nf6 4. e3 Bg4 5. Qb3 Qb6 6. Nc3 e6 7. Nh4 Bh5 8. h3
Na6 9. g4 Bg6 10. Nxg6 hxg6 11. g5 Nd7 12. Bd2 Be7 13. f4 Qxb3 14. axb3 Nc7 15.
e4 dxe4 16. Nxe4 a6 17. Bg2 O-O-O 18. Bc3 f5 19. gxf6 gxf6 20. O-O f5 21. Ng5
Bxg5 22. fxg5 Rh5 23. Kh2 e5 24. dxe5 Ne6 25. Rad1 Nxg5 26. Rd6 Nf8 27. Rf6
Ngh7 28. Rf7 Ng5 29. Rf6 Ngh7 30. Rd6 Rxd6 31. exd6 Ng5 32. b4 Kd7 33. c5 Nfe6
34. Kg3 f4+ 35. Kg4 Nf7 36. Re1 a5 37. bxa5 Rxc5 38. h4 Nxd6 39. Rd1 Rb5 40.
Be4 Nf8 41. Bg7 Ne6 42. Bc3 Nf8 43. Kxf4 Ke7 44. Bc2 g5+ 45. hxg5 Ne6+ 46. Ke3
Rxg5 1/2-1/2

[Event "IX Mario Covas"]
[Site "?"]
[Date "2010.08.16"]
[Round "5.2"]
[White "Milos, Gilberto"]
[Black "Rodriguez, Andres"]
[Result "1-0"]
[WhiteElo "2606"]
[BlackElo "2508"]
[PlyCount "101"]
[EventDate "2010.08.13"]
[SourceDate "2010.08.16"]

1. e4 e6 2. d4 d5 3. Nd2 Nf6 4. e5 Nfd7 5. Bd3 c5 6. c3 Nc6 7. Ne2 cxd4 8. cxd4
f6 9. exf6 Nxf6 10. Nf3 Bd6 11. O-O O-O 12. Bf4 Bxf4 13. Nxf4 Ne4 14. g3 Qf6
15. h4 h6 16. Ne5 Nxd4 17. Ng4 Qd8 18. Bxe4 dxe4 19. Nxh6+ Kh7 20. Qh5 Nf3+ 21.
Kg2 Qe8 22. Qxe8 Rxe8 23. Nf7 e5 24. Ne2 Bg4 25. Nc3 Rf8 26. Nd6 Nd2 27. Rfe1
Bf3+ 28. Kh3 g5 29. Ndxe4 g4+ 30. Kh2 Bxe4 31. Nxe4 Nf3+ 32. Kg2 Nxe1+ 33. Rxe1
Kh6 34. Nc5 Rae8 35. Re4 b6 36. Nd3 Kh5 37. Kf1 Rf5 38. f4 Rf7 39. Ke2 Rc7 40.
fxe5 Rc2+ 41. Ke3 Rf8 42. e6 Rf3+ 43. Kd4 Rd2 44. Re3 Rxe3 45. Kxe3 Rc2 46. e7
Rc8 47. Nf4+ Kh6 48. Nd5 Re8 49. Kf4 Kg6 50. Ke5 Kf7 51. Kd6 1-0

[Event "IX Mario Covas"]
[Site "?"]
[Date "2010.08.16"]
[Round "5.4"]
[White "Fier, Alexandr"]
[Black "Mareco, Sandro"]
[Result "0-1"]
[WhiteElo "2570"]
[BlackElo "2527"]
[PlyCount "78"]
[EventDate "2010.08.13"]
[SourceDate "2010.08.16"]

1. e4 c5 2. Nf3 d6 3. d4 cxd4 4. Nxd4 Nf6 5. Nc3 a6 6. Be2 e6 7. O-O Be7 8. a4
O-O 9. Be3 Nc6 10. f4 Qc7 11. Kh1 Re8 12. Bf3 Na5 13. g4 Bf8 14. Bg2 Nd7 15. g5
b6 16. f5 Ne5 17. Qh5 g6 18. Qh3 Nec4 19. Bg1 Qd8 20. b3 Ne5 21. f6 Bb7 22. Rf4
Rc8 23. Nde2 Qc7 24. Raf1 d5 25. exd5 exd5 26. Bd4 Qd7 27. Qh4 Qd6 28. Rd1 Rcd8
29. Qf2 Nd7 30. Rh4 Nc6 31. Be3 Nc5 32. Bxd5 Qe5 33. Bf4 Rxd5 34. Rxd5 Qe6 35.
Bg3 Nb4 36. Rxb4 Bxd5+ 37. Kg1 Ne4 38. Rxe4 Bxe4 39. Nxe4 Qd7 0-1

[Event "IX Mario Covas"]
[Site "?"]
[Date "2010.08.16"]
[Round "5.5"]
[White "Bachmann, Axel"]
[Black "El Debs, Felipe"]
[Result "1/2-1/2"]
[WhiteElo "2552"]
[BlackElo "2499"]
[PlyCount "107"]
[EventDate "2010.08.13"]
[SourceDate "2010.08.16"]

1. e4 c6 2. d4 d5 3. e5 c5 4. dxc5 Nc6 5. Bb5 e6 6. Be3 Nge7 7. c3 Bd7 8. Bxc6
Bxc6 9. Nf3 Nf5 10. Bd4 Nxd4 11. Qxd4 Qc7 12. b4 b6 13. cxb6 axb6 14. O-O Be7
15. Qe3 O-O 16. a3 Bd7 17. Nbd2 Ra7 18. Ra2 Rc8 19. Nb1 Qb8 20. Nd4 b5 21. f4
Bd8 22. g4 Bb6 23. Re2 Rc4 24. f5 f6 25. fxe6 Qxe5 26. Qxe5 fxe5 27. Ref2 h6
28. exd7 exd4 29. Rf8+ Kh7 30. d8=Q Bxd8 31. Rxd8 dxc3 32. Rc1 Rxg4+ 33. Kh1 d4
34. Rf8 Re7 35. Rf2 Rge4 36. Rff1 Re3 37. Rg1 R7e4 38. Rg3 Rxg3 39. hxg3 Re3
40. Kg2 Kg6 41. Kf2 Kf5 42. a4 bxa4 43. b5 Ke4 44. b6 Rf3+ 45. Kg2 Rf6 46.
Nxc3+ dxc3 47. Rxc3 Rxb6 48. Rc4+ Kf5 49. Rxa4 Rb2+ 50. Kh3 h5 51. Ra5+ Kg6 52.
Ra6+ Kg5 53. Ra5+ Kg6 54. g4 1/2-1/2

[Event "IX Mario Covas"]
[Site "?"]
[Date "2010.08.15"]
[Round "3.1"]
[White "Coelho, Luis Henrique"]
[Black "Bachmann, Axel"]
[Result "1/2-1/2"]
[WhiteElo "2381"]
[BlackElo "2552"]
[PlyCount "66"]
[EventDate "2010.08.13"]
[SourceDate "2010.08.15"]

1. d4 d5 2. c4 e6 3. Nf3 c6 4. Qc2 Bd6 5. g3 f5 6. Bg2 Nf6 7. O-O O-O 8. b3 Qe7
9. Ne5 c5 10. e3 Nc6 11. Bb2 cxd4 12. exd4 Bd7 13. Nd2 Ne4 14. Nd3 Rac8 15. f3
Nxd2 16. Qxd2 f4 17. gxf4 Qh4 18. Qf2 Qxf2+ 19. Kxf2 dxc4 20. bxc4 Nb4 21. Nxb4
Bxb4 22. Rac1 Bd2 23. Rc2 Bxf4 24. Bh3 Rc7 25. Re1 Rf6 26. Kg2 Rg6+ 27. Kh1 Rh6
28. Bg4 Kf7 29. Rce2 Bg5 30. Ba3 Bh4 31. Rc1 Bg5 32. Rce1 Bh4 33. Rc1 Bg5
1/2-1/2

[Event "IX Mario Covas"]
[Site "?"]
[Date "2010.08.14"]
[Round "3.1"]
[White "Rodriguez, Andres"]
[Black "Coelho, Luis Henrique"]
[Result "1-0"]
[WhiteElo "2508"]
[BlackElo "2381"]
[PlyCount "100"]
[EventDate "2010.08.13"]
[SourceDate "2010.08.14"]

1. Nf3 c5 2. b3 Nc6 3. Bb2 d6 4. c4 e5 5. Nc3 g6 6. g3 Bg7 7. Bg2 Nge7 8. d3
O-O 9. O-O h6 10. e3 Be6 11. Rc1 Qd7 12. Na4 Bg4 13. Qd2 Rad8 14. a3 b6 15. b4
Bh3 16. b5 Na5 17. Qc2 Bxg2 18. Kxg2 f5 19. e4 Rf7 20. Ng1 Rdf8 21. f3 Nb7 22.
Nc3 Nd8 23. a4 Ne6 24. Nd5 h5 25. Rce1 g5 26. Kh1 Nxd5 27. exd5 Nd4 28. Bxd4
cxd4 29. Qd2 Bh6 30. a5 Kh7 31. axb6 axb6 32. Qe2 g4 33. Ra1 Be3 34. Ra6 Qd8
35. Qg2 Rg8 36. Ne2 h4 37. fxg4 Rxg4 38. Qh3 Kg6 39. Rf3 Rh7 40. Qg2 hxg3 41.
Rxg3 Rhh4 42. Ra7 Bf4 43. Nxf4+ exf4 44. Rxg4+ Rxg4 45. Qe2 Qf6 46. Qe8+ Kh6
47. Rf7 Qe5 48. Qf8+ Rg7 49. Qxg7+ Qxg7 50. Rxg7 Kxg7 1-0

[Event "IX Mario Covas"]
[Site "?"]
[Date "2010.08.14"]
[Round "3.3"]
[White "Milos, Gilberto"]
[Black "Mareco, Sandro"]
[Result "1/2-1/2"]
[WhiteElo "2606"]
[BlackElo "2527"]
[PlyCount "33"]
[EventDate "2010.08.13"]
[SourceDate "2010.08.14"]

1. e4 c5 2. Nf3 d6 3. d4 cxd4 4. Nxd4 Nf6 5. Nc3 a6 6. Be2 e6 7. O-O Be7 8. f4
O-O 9. Kh1 Nc6 10. Be3 Bd7 11. a4 Nxd4 12. Qxd4 Bc6 13. a5 Rc8 14. Qd3 Qc7 15.
Bf3 Rfe8 16. Rfc1 d5 17. e5 1/2-1/2

[Event "IX Mario Covas"]
[Site "?"]
[Date "2010.08.14"]
[Round "3.4"]
[White "Di Berardino, Diego"]
[Black "El Debs, Felipe"]
[Result "1/2-1/2"]
[WhiteElo "2492"]
[BlackElo "2499"]
[PlyCount "21"]
[EventDate "2010.08.13"]
[SourceDate "2010.08.14"]

1. e4 c5 2. Nf3 e6 3. d4 cxd4 4. Nxd4 Nc6 5. Nb5 d6 6. c4 a6 7. N5c3 Nf6 8. Be2
Be7 9. O-O O-O 10. Be3 Qc7 11. Nd2 1/2-1/2

[Event "IX Mario Covas"]
[Site "?"]
[Date "2010.08.14"]
[Round "2.1"]
[White "Coelho, Luis Henrique"]
[Black "Fier, Alexandr"]
[Result "1/2-1/2"]
[WhiteElo "2381"]
[BlackElo "2570"]
[PlyCount "119"]
[EventDate "2010.08.13"]
[SourceDate "2010.08.14"]

1. d4 d5 2. c4 c6 3. Nf3 Nf6 4. e3 Bf5 5. Nc3 e6 6. Nh4 Bg6 7. Be2 Nbd7 8. a3
Ne4 9. Nxg6 hxg6 10. Nxe4 dxe4 11. Qc2 f5 12. Bd2 Nf6 13. O-O-O Kf7 14. h3 Rc8
15. Kb1 b5 16. Rc1 bxc4 17. Qxc4 Be7 18. Rc2 Qb6 19. Ka2 c5 20. Qa6 Rb8 21.
Qxb6 axb6 22. dxc5 bxc5 23. Bc3 Bd6 24. b3 Nd5 25. Bb2 Ra8 26. Rd2 Be7 27. Bc4
Nb6 28. Rc1 Rhb8 29. a4 Rb7 30. Ba3 Rab8 31. Bb5 c4 32. Rxc4 Nxc4 33. Bxc4 g5
34. a5 Ra7 35. a6 Rc8 36. Bxe7 Kxe7 37. Ka3 f4 38. Rd4 f3 39. Rxe4 fxg2 40. Rg4
Rc5 41. Rxg2 Kd6 42. Kb4 Kc6 43. f4 gxf4 44. exf4 Rf5 45. Bxe6 Rb5+ 46. Kc3 Rh5
47. Bc4 Rxh3+ 48. Kb4 Rh6 49. Rg5 Kb6 50. Ka4 Rc7 51. Re5 Rf6 52. f5 g6 53.
fxg6 Rxg6 54. Kb4 Rxc4+ 55. bxc4 Kxa6 56. Kc5 Kb7 57. Re7+ Kc8 58. Kb5 Rh6 59.
c5 Rg6 60. Rh7 1/2-1/2

[Event "IX Mario Covas"]
[Site "?"]
[Date "2010.08.14"]
[Round "2.2"]
[White "Bachmann, Axel"]
[Black "Di Berardino, Diego"]
[Result "1-0"]
[WhiteElo "2552"]
[BlackElo "2492"]
[PlyCount "35"]
[EventDate "2010.08.13"]
[SourceDate "2010.08.14"]

1. c4 c5 2. Nc3 Nc6 3. g3 g6 4. Bg2 Bg7 5. d3 e6 6. e4 Nge7 7. Nge2 O-O 8. O-O
b6 9. Be3 Bb7 10. d4 cxd4 11. Nxd4 Na5 12. Qe2 Rc8 13. b3 f5 14. Rad1 Qe8 15.
Ncb5 Be5 16. Bh6 f4 17. Bxf8 Kxf8 18. gxf4 1-0

[Event "IX Mario Covas"]
[Site "?"]
[Date "2010.08.14"]
[Round "2.4"]
[White "Mareco, Sandro"]
[Black "Leitão, Rafael"]
[Result "1/2-1/2"]
[WhiteElo "2527"]
[BlackElo "2629"]
[PlyCount "44"]
[EventDate "2010.08.13"]
[SourceDate "2010.08.14"]

1. d4 d5 2. c4 c6 3. Nf3 Nf6 4. Nc3 dxc4 5. a4 Bf5 6. Ne5 Nbd7 7. Nxc4 Nb6 8.
Ne5 a5 9. f3 Nfd7 10. Nxd7 Nxd7 11. e4 Bg6 12. Be2 f6 13. O-O e5 14. dxe5 fxe5
15. Kh1 Bf7 16. f4 Bb4 17. Qe1 O-O 18. Qg3 exf4 19. Bxf4 Qe7 20. Bg5 Qe5 21.
Bf4 Qe7 22. Bg5 Qe5 1/2-1/2

[Event "IX Mario Covas"]
[Site "Santos-SP"]
[Date "2010.08.13"]
[Round "1.2"]
[White "Rodriguez, Andres"]
[Black "Mareco, Sandro"]
[Result "1-0"]
[WhiteElo "2508"]
[BlackElo "2527"]
[PlyCount "41"]
[EventDate "2010.08.13"]
[SourceDate "2010.08.13"]

1. e4 c5 2. Nc3 d6 3. Nge2 Nf6 4. g3 g6 5. Bg2 Bg7 6. d4 cxd4 7. Nxd4 O-O 8.
O-O Bg4 9. Nde2 Nc6 10. h3 Bd7 11. Nd5 Rc8 12. a4 Nxd5 13. exd5 Ne5 14. Ra2 Nc4
15. b3 Na5 16. Be3 a6 17. Qd2 Qc7 18. Qb4 Bc3 19. Qxc3 Qxc3 20. Nxc3 Rxc3 21.
Bb6 1-0

[Event "IX Mario Covas"]
[Site "Santos-SP"]
[Date "2010.08.13"]
[Round "1.3"]
[White "Leitão, Rafael"]
[Black "El Debs, Felipe"]
[Result "1/2-1/2"]
[WhiteElo "2629"]
[BlackElo "2499"]
[PlyCount "41"]
[EventDate "2010.08.13"]
[SourceDate "2010.08.13"]

1. d4 Nf6 2. c4 g6 3. Nf3 Bg7 4. g3 O-O 5. Bg2 d5 6. cxd5 Nxd5 7. O-O c5 8. e4
Nf6 9. e5 Nfd7 10. e6 fxe6 11. dxc5 Nxc5 12. Qc2 Nba6 13. Rd1 Nb4 14. Qe2 Qa5
15. Nc3 Qa6 16. Qxa6 Nbxa6 17. Bg5 Re8 18. Rd2 Bd7 19. Ne1 Bc6 20. Bxc6 bxc6
21. Be3 1/2-1/2

[Event "IX Mario Covas"]
[Site "Santos-SP"]
[Date "2010.08.13"]
[Round "1.5"]
[White "Di Berardino, Diego"]
[Black "Fier, Alexandr"]
[Result "0-1"]
[WhiteElo "2492"]
[BlackElo "2570"]
[PlyCount "148"]
[EventDate "2010.08.13"]
[SourceDate "2010.08.13"]

1. d4 Nf6 2. c4 e6 3. Nc3 Bb4 4. e3 b6 5. Nge2 c5 6. a3 Ba5 7. Rb1 Na6 8. g3
Bb7 9. d5 exd5 10. Bg2 Rb8 11. cxd5 b5 12. O-O b4 13. Nb5 Qb6 14. a4 O-O 15. e4
Rbe8 16. f3 c4+ 17. Kh1 Nc5 18. Bf4 Rc8 19. Nd6 Nd3 20. Nxc4 Nf2+ 21. Rxf2 Rxc4
22. Rf1 b3 23. Nc3 Ba6 24. Qe1 Bxc3 25. bxc3 Rxa4 26. Be3 Qb7 27. Rg1 Bd3 28.
Rb2 Ra2 29. Qd2 Qa6 30. Rxa2 bxa2 31. Ra1 Bc4 32. Qb2 d6 33. Bh3 Re8 34. Bd4 h6
35. Kg1 Qa4 36. Bf1 Bb3 37. c4 Rb8 38. Bd3 Nd7 39. Qc3 f6 40. f4 Rc8 41. e5
dxe5 42. fxe5 fxe5 43. Bxe5 Bxc4 44. Bf5 Ba6 45. Be6+ Kh7 46. Qd4 Rc4 47. Qd3+
Kh8 48. Bxd7 Qxd7 49. Qg6 Ra4 50. Re1 Bb5 51. Qxh6+ Kg8 52. Qg5 Rg4 53. Qd2 Bc4
54. d6 Be6 55. Ba1 Rg6 56. Qd4 a5 57. Rc1 Bf7 58. Rd1 Bb3 59. Rd2 Re6 60. Bb2
Re1+ 61. Kf2 Rb1 62. Bc3 Be6 63. g4 Bxg4 64. Qd5+ Be6 65. Qa8+ Kh7 66. Qe4+ Kh8
67. Qa8+ Bg8 68. Qxa5 Qh3 69. Bxg7+ Kh7 70. Qa6 Qxh2+ 71. Ke3 Qg3+ 72. Kd4
Qxg7+ 73. Kd3 Qg3+ 74. Ke4 Rb4+ 0-1